000 00992nam a2200289 i 4500
001 177265
003 ES-MaACL
005 20230906220306.0
007 t|
008 110311s1970 fr abdf ||||1| fre d
080 _a913(430)
080 _a308(430)
100 1 _aRiquet, Pierre.
_9145559
245 1 3 _aLa République Fédérale Allemande /
_cpar Pierre Riquet.
250 _a[1re éd.].
260 _aParis :
_bPresses Universitaires de France,
_c1970.
300 _a271, [8] p. de lám. bl. y n. :
_bil. bl. y n. ;
_c19 cm.
490 1 _aMagellan. La Géographie et ses problèmes ;
_v9
500 _aÍndices.
504 _aBibliografía: p. 257-264.
546 _aTexto en francés.
651 4 _aAlemania (República Federal)-
_xGeografía.
_9145560
651 4 _aAlemania (República Federal)-
_xSituación social.
_9145561
830 0 _aMagellan. La Géographie et ses problèmes ;
_v9
_9182333
852 _aES-MaACL
_jE-14665
_xOlim P-507
999 _c177265
_d177265